000 00343nam a22001337a 4500
020 _a0028040481
082 _222
_a808.042
100 _aSabin, William A.
245 _aThe Gregg Reference Manual /
250 _a9th
260 _aGlencoel McGraw Hill,
_bGlencoel McGraw Hill,
_cc2001
300 _aXXX,610 p, ;
_bNA
_c24cm.
942 _2ddc
_cENG
_02
999 _c3543
_d3543